Missing Word: Biology A-Z Quiz Stats

Quiz Updated Jan 26, 2016

Challenge
Share
Tweet
Embed
Score 0/26 Timer 04:00
2 Plays Today
Biology Term Missing Word % Correct
_______ DarwinCharles
95.9%
Deoxyribonucleic ____Acid
93.8%
Endangered _______Species
92.4%
Carnivore, Omnivore, _________Herbivore
92.2%
_______ SelectionNatural
89.5%
______ HelixDouble
86%
_______: Study of the Animal KingdomZoology
83.7%
Egg, _____, PupaLarva
81.6%
________ Period (Mesozoic Era)Jurassic
79.9%
_________ CordUmbilical
79.2%
________ and PreyPredator
77.6%
On the ______ of SpeciesOrigin
73.7%
Dominant or _________ alleleRecessive
73.2%
Biology Term Missing Word % Correct
_______, Phylum, ClassKingdom
70.9%
______ MendelGregor
66.1%
____ Extinction EventMass
63.8%
____ Chain/____ WebFood
58.8%
______ and CrickWatson
58.6%
_____ and PhloemXylem
57.4%
Shell, Albumen, ____Yolk
43.3%
Dorsal and _______Ventral
42.9%
Arboreal, Aquatic, ___________Terrestrial
41.9%
Convergent _________Evolution
29.7%
________ NomenclatureBinomial
27.2%
___________: The Study of FishIchthyology
26.9%
__________ Period (Cenozoic Era)Quaternary
12.4%

Today's Daily Dose

Missing Word
Jazz Songs 'C'

On This Day
January 18th

You're not logged in!

Compare scores with friends on all Sporcle quizzes.
Sign Up with Email
OR
Log In

You Might Also Like...

Show Comments

Extras

Top Quizzes Today


Score Distribution

Your Account Isn't Verified!

In order to create a playlist on Sporcle, you need to verify the email address you used during registration. Go to your Sporcle Settings to finish the process.